Guess Vegetables (No Vowels) - Statistics

General Stats
  • This quiz has been taken 19 times
  • The average score is 17 of 25
Answer Stats
Missing Vowels Vegetable % Correct
CRRT Carrot
100%
CCMBR Cucumber
100%
GRLC Garlic
100%
GNGR Ginger
100%
MSHRM Mushroom
100%
SPNCH Spinach
100%
CLFLWR Cauliflower
95%
LTTC Lettuce
95%
TRNP Turnip
89%
BTRT Beetroot
84%
CLRY Celery
84%
CRN Corn
84%
SPRGS Asparagus
79%
PS Peas
79%
TMT Tomato
79%
CCNT Coconut
74%
PTT Potato
74%
BNS Beans
68%
NN Onion
68%
KR Okra
47%
BRNJL Brinjal
5%
BTTRGRD Bitterguard
0%
BTTLGRD Bottleguard
0%
RDGGRD Ridgeguard
0%
SNKGRD Snakeguard
0%
No matching quizzes found
Score Distribution
Percent of People with Each Score
Percentile by Number Answered
Your Score History
You have not taken this quiz